[Event "40th Olympiad Open"]
[Site "Istanbul TUR"]
[Date "2012.09.06"]
[Round "9.25"]
[Board "1"]
[White "Leon Hoyos, Manuel"]
[Black "Megaranto, Susanto"]
[Result "1-0"]
[WhiteTitle "GM"]
[BlackTitle "GM"]
[WhiteElo "2579"]
[BlackElo "2529"]
[WhiteTeam "Mexico"]
[BlackTeam "Indonesia"]
[WhiteFideId "5105269"]
[BlackFideId "7101384"]
[EventDate "2012.08.28"]

1. c4 e6 2. g3 Nf6 3. Bg2 Be7 4. e4 e5 5. Ne2 Nc6 6. Nbc3 Bc5 7. h3 d6 8. a3 Be6
9. b4 Bb6 10. Nd5 Bxd5 11. cxd5 Ne7 12. d4 Ng6 13. Be3 O-O 14. O-O c6 15. dxc6
bxc6 16. Rc1 Rc8 17. a4 a5 18. b5 exd4 19. Nxd4 cxb5 20. axb5 Qd7 21. Rc6 Rb8
22. Ne6 fxe6 23. Bxb6 d5 24. Qa1 Rf7 25. e5 Ne8 26. Bxa5 Rxb5 27. Rb6 Rxb6 28.
Bxb6 Qc6 29. Bd4 Rc7 30. Rb1 Ne7 31. Bf1 Rb7 32. Rc1 Qd7 33. Ba6 Rb8 34. Bd3 g6
35. Qa6 Kf7 36. Bc5 Rb7 37. Bb6 Nc8 38. Bc5 Ne7 39. Bxe7 Qxe7 40. Bb5 Ng7 41.
Rc8 Ra7 42. Qb6 Nf5 43. Re8 Qb7 44. Qxe6+ Kg7 45. Qf6+ Kh6 46. Qf8+ Qg7 47. Qb4
Ra1+ 48. Kh2 Qa7 49. Qf8+ Qg7 50. g4 Qxf8 51. Rxf8 Nd4 52. Bd7 Kg5 53. Rf7 h5
54. gxh5 Re1 55. hxg6 Kxg6 56. Rf6+ Kg7 57. f4 Nf3+ 58. Kg2 Nxe5 59. fxe5 Rxe5
60. Rd6 Rg5+ 61. Kf3 Re5 62. Kf4 Re4+ 63. Kg5 Re5+ 64. Bf5 Re8 65. Rd7+ Kg8 66.
Kg6 Rb8 67. Be6+ Kf8 68. Kf6 1-0

[Event "40th Olympiad Open"]
[Site "Istanbul TUR"]
[Date "2012.09.06"]
[Round "9.25"]
[Board "2"]
[White "Purnama, Tirta Chandra"]
[Black "Gonzalez Zamora, Juan Carlos"]
[Result "0-1"]
[WhiteTitle "IM"]
[BlackTitle "GM"]
[WhiteElo "2384"]
[BlackElo "2553"]
[WhiteTeam "Indonesia"]
[BlackTeam "Mexico"]
[WhiteFideId "7101422"]
[BlackFideId "3507548"]
[EventDate "2012.08.28"]

1. Nf3 Nf6 2. d4 c5 3. d5 b5 4. c4 d6 5. cxb5 a6 6. e3 g6 7. Nc3 Bg7 8. e4 O-O
9. bxa6 Qa5 10. Bd2 Bxa6 11. Bxa6 Qxa6 12. Qe2 Nbd7 13. Rb1 Ng4 14. h3 Nge5 15.
Nxe5 Nxe5 16. Qxa6 Rxa6 17. b3 f5 18. exf5 Rxf5 19. O-O Nd3 20. a4 Ra8 21. Nb5
c4 22. a5 c3 23. Nxc3 Rxa5 24. b4 Ra3 25. Nb5 Ra2 26. Be3 Ra4 27. Bd2 Nf4 28.
Rfe1 Nxd5 29. Rbc1 Ra2 30. Red1 Nf4 31. Rc8+ Kf7 32. Rb8 Rd5 33. Bxf4 Rxd1+ 34.
Kh2 Rxf2 35. Bg3 Rff1 0-1

[Event "40th Olympiad Open"]
[Site "Istanbul TUR"]
[Date "2012.09.06"]
[Round "9.26"]
[Board "1"]
[White "Morovic Fernandez, Ivan"]
[Black "Firat, Burak"]
[Result "1/2-1/2"]
[WhiteTitle "GM"]
[BlackTitle "IM"]
[WhiteElo "2575"]
[BlackElo "2423"]
[WhiteTeam "Chile"]
[BlackTeam "Turkey 2016"]
[WhiteFideId "3405400"]
[BlackFideId "6305881"]
[EventDate "2012.08.28"]

1. c4 Nf6 2. Nf3 g6 3. Nc3 d5 4. cxd5 Nxd5 5. Qb3 Nb6 6. d4 Bg7 7. Bf4 Be6 8.
Qa3 Nc6 9. e3 O-O 10. Be2 a5 11. Qc5 Nd5 12. Nxd5 Bxd5 13. O-O Qd7 14. Rfd1 Rfd8
15. Bb5 Rac8 16. Ne5 Qd6 17. Nxc6 Qxc5 18. dxc5 Bxc6 19. Rxd8+ Rxd8 20. Bxc6
bxc6 21. Bxc7 Rd2 22. Bxa5 Rxb2 23. a4 Rc2 24. Rd1 Ra2 25. Bd8 Kf8 26. a5 Bc3
27. Bb6 Bxa5 28. Rd8+ Kg7 29. Kf1 Bxb6 30. cxb6 Rb2 31. Rb8 c5 32. Rc8 1/2-1/2

[Event "40th Olympiad Open"]
[Site "Istanbul TUR"]
[Date "2012.09.06"]
[Round "9.26"]
[Board "2"]
[White "Ali Marandi, Cemil Can"]
[Black "Vasquez Schroeder, Rodrigo"]
[Result "1/2-1/2"]
[WhiteTitle "FM"]
[BlackTitle "GM"]
[WhiteElo "2362"]
[BlackElo "2533"]
[WhiteTeam "Turkey 2016"]
[BlackTeam "Chile"]
[WhiteFideId "6300529"]
[BlackFideId "3400042"]
[EventDate "2012.08.28"]

1. e4 e5 2. Nf3 Nc6 3. Bb5 a6 4. Ba4 d6 5. O-O Bd7 6. c4 g6 7. d4 Bg7 8. d5 Nce7
9. Nc3 h6 10. Nd2 Nf6 11. Bc2 O-O 12. b4 c6 13. Nb3 cxd5 14. cxd5 Qb6 15. a3
Rfc8 16. Be3 Qd8 17. Bd2 Nh5 18. a4 Nf4 19. a5 Rc4 20. g3 Nh3+ 21. Kg2 Rac8 22.
Rc1 Rxc3 23. Bxc3 Rxc3 24. Qd2 Rc8 25. f3 Ng5 26. Rf2 Bh3+ 27. Kh1 f5 28. Bd3
fxe4 29. fxe4 Kh8 30. Rxc8 Qxc8 31. Qc2 Qd7 32. Nd2 Ng8 33. Nf3 Nxf3 34. Rxf3
Nf6 35. Rf2 h5 36. Be2 Kh7 37. Bf3 Qb5 38. Qb3 Qd7 39. Rb2 Qf7 40. Rb1 Bh6 41.
b5 axb5 42. Qxb5 Nd7 43. Bg2 Bxg2+ 44. Kxg2 Nc5 45. h4 Bd2 46. Rf1 Qe7 47. Rd1
Bc3 48. Rf1 Kg7 49. Rc1 Bd4 50. Re1 Qd8 51. Rc1 Kh6 52. Rf1 Kg7 53. Rc1 Qc8 54.
Re1 Qd7 55. Qxd7+ Nxd7 56. Rb1 Nc5 57. Rb6 Bc3 58. a6 bxa6 59. Rxd6 Nxe4 60.
Rxa6 Nf6 61. Ra7+ Kf8 62. Ra8+ Ke7 63. Ra7+ Nd7 64. Ra6 Bd4 65. Rxg6 Nf6 66. Rg5
Kd6 67. Rf5 e4 68. Kf1 Be5 69. Ke2 Kxd5 70. Ke3 Ke6 71. Rxf6+ Kd5 1/2-1/2

[Event "40th Olympiad Open"]
[Site "Istanbul TUR"]
[Date "2012.09.06"]
[Round "9.26"]
[Board "3"]
[White "Flores Rios, Mauricio"]
[Black "Sanal, Vahap"]
[Result "1/2-1/2"]
[WhiteTitle "GM"]
[BlackTitle "FM"]
[WhiteElo "2498"]
[BlackElo "2387"]
[WhiteTeam "Chile"]
[BlackTeam "Turkey 2016"]
[WhiteFideId "3408027"]
[BlackFideId "6300545"]
[EventDate "2012.08.28"]

1. e4 e5 2. Nf3 Nc6 3. Bb5 a6 4. Ba4 Nf6 5. d3 b5 6. Bb3 Be7 7. O-O O-O 8. Re1
d6 9. c3 Na5 10. Bc2 c5 11. Nbd2 Nc6 12. Nf1 Re8 13. h3 h6 14. d4 cxd4 15. cxd4
exd4 16. Nxd4 Nxd4 17. Qxd4 Bb7 18. Ng3 Rc8 19. Qd3 Qc7 20. Bb3 d5 21. e5 Bb4
22. Re2 Ne4 23. Bf4 Nc5 24. Qf3 Qd7 25. Nh5 Qe6 26. Bc2 Ne4 27. Ng3 Rc4 28. Nxe4
dxe4 29. Qg3 Rd4 30. a3 Ba5 31. Rd1 Rxd1+ 32. Bxd1 Bc7 33. Bb3 Bd5 34. Bxd5 Qxd5
35. Qe3 g5 36. Bg3 Re6 37. Rd2 Qc6 38. Qd4 Bb6 39. Qd5 Qxd5 40. Rxd5 Kg7 41. Kf1
Kg6 42. Ke2 Rc6 43. Rd7 Kg7 44. Kd2 Kf8 45. f4 Ke8 46. Rb7 Bd4 47. fxg5 hxg5 48.
a4 Rc5 49. Rb8+ Ke7 50. Rb7+ Ke8 51. Rb8+ Kd7 52. Rb7+ Kd8 53. Rxf7 bxa4 54. Bf2
Bxf2 55. Rxf2 Rxe5 56. Ke3 Kd7 57. Rd2+ Kc6 58. Rd4 Kb5 59. g3 Rc5 60. Kxe4 Rc2
61. Rd8 Rh2 62. Kf5 Rxh3 63. Kg4 Rh7 64. Kxg5 Rg7+ 65. Kf4 Rf7+ 66. Ke3 Re7+ 67.
Kf2 Rf7+ 68. Kg2 Rb7 69. g4 Kc4 70. Rd2 Rb3 71. Kh2 a3 72. bxa3 Rxa3 73. g5 Re3 1/2-1/2

[Event "40th Olympiad Open"]
[Site "Istanbul TUR"]
[Date "2012.09.06"]
[Round "9.26"]
[Board "4"]
[White "Emiroglu, Cankut"]
[Black "Salinas Herrera, Pablo"]
[Result "1/2-1/2"]
[WhiteTitle "CM"]
[BlackTitle "FM"]
[WhiteElo "2299"]
[BlackElo "2417"]
[WhiteTeam "Turkey 2016"]
[BlackTeam "Chile"]
[WhiteFideId "6306659"]
[BlackFideId "3407128"]
[EventDate "2012.08.28"]

1. e4 e6 2. d4 d5 3. Nd2 dxe4 4. Nxe4 Bd7 5. Nf3 Bc6 6. Bd3 Nd7 7. O-O Ngf6 8.
Ng3 Be7 9. b3 O-O 10. Bb2 b6 11. c4 Bb7 12. Qe2 c5 13. Rad1 Qc7 14. Bb1 Rfe8 15.
dxc5 Bxc5 16. Ne4 Nxe4 17. Bxe4 Bxe4 18. Qxe4 Nf8 19. Be5 Qe7 20. Rd3 Rad8 21.
Rfd1 Rxd3 22. Qxd3 Qb7 23. Bc3 Be7 24. Qe2 Rc8 25. Bb2 a6 26. a4 Qc7 27. g3 Qb7
28. Bd4 Rd8 29. Be3 Nd7 30. Rd2 Rc8 31. Rd1 Nc5 32. Bxc5 Bxc5 33. Ne5 Be7 34.
Rd7 Rc7 35. Rxc7 Qxc7 36. Qe4 Bf8 37. Kg2 Qd6 38. Nf3 g6 39. Qa8 a5 40. h4 h6
41. Qe4 Bg7 42. Qa8+ Kh7 43. Qb7 f5 44. Qf7 Qc6 45. h5 g5 46. Kg1 Qxf3 47. Qg6+
Kg8 48. Qxe6+ Kh7 49. Qg6+ Kg8 50. Qe6+ Kf8 51. Qd6+ Kg8 52. Qe6+ Kh8 53. Qe8+ 1/2-1/2

[Event "40th Olympiad Open"]
[Site "Istanbul TUR"]
[Date "2012.09.06"]
[Round "9.27"]
[Board "1"]
[White "Kurajica, Bojan"]
[Black "Nyback, Tomi"]
[Result "0-1"]
[WhiteTitle "GM"]
[BlackTitle "GM"]
[WhiteElo "2551"]
[BlackElo "2638"]
[WhiteTeam "Bosnia & Herzegovina"]
[BlackTeam "Finland"]
[WhiteFideId "14400057"]
[BlackFideId "503142"]
[EventDate "2012.08.28"]

1. Nf3 Nf6 2. d4 g6 3. g3 Bg7 4. Bg2 d5 5. O-O O-O 6. Ne5 c6 7. c4 Ng4 8. cxd5
cxd5 9. Nf3 Nf6 10. Nc3 Ne4 11. Nxe4 dxe4 12. Ng5 Qxd4 13. Qxd4 Bxd4 14. Nxe4
Nc6 15. Bh6 Rd8 16. Nc3 Be6 17. Rfd1 Rac8 18. Rd2 Bxc3 19. bxc3 Rxd2 20. Bxd2
Na5 21. Be3 b6 22. Bd4 Rc4 23. Be5 Ra4 24. Rd1 f6 25. Bb8 Rxa2 26. h4 Nc4 27.
Rd8+ Kf7 28. Rh8 h5 29. Rh7+ Kf8 30. Bf4 Ne5 31. Bxe5 fxe5 32. Rh8+ Kf7 33. Ra8
a5 34. Bc6 Rxe2 35. Rb8 Rb2 36. Be8+ Kf6 37. Bc6 Bc4 38. Rf8+ Kg7 39. Re8 Kf7
40. Rb8 b5 41. Rb6 a4 42. Ra6 Rb3 43. Ra5 a3 44. Kg2 Rxc3 0-1

[Event "40th Olympiad Open"]
[Site "Istanbul TUR"]
[Date "2012.09.06"]
[Round "9.27"]
[Board "4"]
[White "Sipila, Vilka"]
[Black "Kadric, Denis"]
[Result "0-1"]
[WhiteTitle "FM"]
[BlackTitle "IM"]
[WhiteElo "2431"]
[BlackElo "2418"]
[WhiteTeam "Finland"]
[BlackTeam "Bosnia & Herzegovina"]
[WhiteFideId "505455"]
[BlackFideId "14403803"]
[EventDate "2012.08.28"]

1. Nf3 d6 2. d4 g6 3. c4 Bg7 4. Nc3 e5 5. e4 Nc6 6. d5 Nce7 7. Be2 f5 8. Ng5 Nf6
9. Qb3 O-O 10. Bd3 fxe4 11. Ncxe4 Nf5 12. Nf3 Nh4 13. Nxh4 Nxe4 14. Bxe4 Qxh4
15. Qc2 Bf5 16. Bxf5 Rxf5 17. O-O Raf8 18. Qe2 Rh5 19. h3 e4 20. Qg4 Qxg4 21.
hxg4 Rh4 22. g5 b6 23. g3 Rg4 24. Kg2 Be5 25. Rh1 e3 26. Bxe3 Rxc4 27. Rac1 Rxc1
28. Rxc1 Rf7 29. b4 a6 30. a4 Bb2 31. Rb1 Bc3 32. Rb3 Bg7 33. f4 Kf8 34. a5 b5
35. Bd2 Ke8 36. Bc3 Kd7 37. Kf3 c5 38. dxc6+ Kxc6 39. Bxg7 Rxg7 40. Re3 Kd5 41.
Rd3+ Kc4 42. Rxd6 Ra7 43. g4 Kxb4 44. f5 Kxa5 45. f6 b4 46. Re6 b3 47. Re7 Ra8
48. Rb7 Ka4 49. Ke4 Ka3 50. f7 b2 51. Ke5 Ka2 52. Kf6 b1=Q 53. Rxb1 Kxb1 54. Kg7
a5 55. Kxh7 a4 56. Kxg6 a3 57. Kg7 a2 58. f8=Q Rxf8 59. Kxf8 a1=Q 60. Kf7 Qa7+
61. Kf6 Qb6+ 62. Kf7 Qc7+ 63. Kf6 Qd8+ 64. Kg6 Kc2 65. Kh6 Kd3 66. Kg6 Ke4 67.
Kh5 Kf4 68. g6 Qg5# 0-1

[Event "40th Olympiad Open"]
[Site "Istanbul TUR"]
[Date "2012.09.06"]
[Round "9.29"]
[Board "1"]
[White "Kazhgaleyev, Murtas"]
[Black "Sambuev, Bator"]
[Result "1-0"]
[WhiteTitle "GM"]
[BlackTitle "GM"]
[WhiteElo "2594"]
[BlackElo "2523"]
[WhiteTeam "Kazakhstan"]
[BlackTeam "Canada"]
[WhiteFideId "13700316"]
[BlackFideId "4128290"]
[EventDate "2012.08.28"]

1. d4 d5 2. c4 c6 3. Nc3 e6 4. cxd5 exd5 5. Qc2 Bd6 6. Nf3 f5 7. Bg5 Nf6 8. Bxf6
Qxf6 9. Nxd5 Qf7 10. Nc3 f4 11. e4 fxe3 12. fxe3 Qh5 13. O-O-O O-O 14. Ne4 Be7
15. Bc4+ Kh8 16. Ng3 Qe8 17. Bd3 Na6 18. a3 Bf6 19. Rde1 g6 20. h4 c5 21. Kb1
Be6 22. h5 g5 23. Bxh7 g4 24. Ne5 Bxe5 25. dxe5 c4 26. Bf5 Nc5 27. Ref1 Rd8 28.
Ne2 Qf7 29. e4 Nd3 30. Nf4 Nxf4 31. Rxf4 Qc7 32. Rxg4 Qxe5 33. Bxe6 Qxe6 34.
Qc3+ Qf6 35. Qxf6+ Rxf6 36. e5 Rf2 37. Rxc4 Rxg2 38. Rhc1 Rd7 39. Rc7 Rgg7 40.
Rxd7 Rxd7 41. Rf1 Kg8 42. Kc2 Rd5 43. e6 Re5 44. Rf7 Rxe6 45. Rxb7 a6 46. b4 Rh6
47. Ra7 Kf8 48. Kb3 1-0

[Event "40th Olympiad Open"]
[Site "Istanbul TUR"]
[Date "2012.09.06"]
[Round "9.29"]
[Board "2"]
[White "Gerzhoy, Leonid"]
[Black "Jumabayev, Rinat"]
[Result "1-0"]
[WhiteTitle "IM"]
[BlackTitle "GM"]
[WhiteElo "2448"]
[BlackElo "2525"]
[WhiteTeam "Canada"]
[BlackTeam "Kazakhstan"]
[WhiteFideId "2806126"]
[BlackFideId "13702661"]
[EventDate "2012.08.28"]

1. d4 Nf6 2. c4 e6 3. Nc3 Bb4 4. e3 O-O 5. Bd3 c5 6. Nf3 b6 7. O-O Bb7 8. Bd2
cxd4 9. exd4 d5 10. cxd5 Nxd5 11. Re1 Nf6 12. Bg5 Nc6 13. a3 Be7 14. Bc2 g6 15.
Qd3 Nd5 16. Bh6 Re8 17. Bb3 Na5 18. Ba2 Nxc3 19. bxc3 Rc8 20. Ne5 Bg5 21. Qh3
Bxh6 22. Qxh6 Re7 23. Re3 Qf8 24. Qh4 Rec7 25. d5 Bxd5 26. Bxd5 exd5 27. Ng4 Rc6
28. Nf6+ Rxf6 29. Qxf6 Nc4 30. Re7 a5 31. Rae1 a4 32. Rd7 Nxa3 33. Ree7 Qg7 34.
Qxg7+ Kxg7 35. Rxf7+ Kg8 36. Rg7+ Kh8 37. Rxh7+ Kg8 38. Rdg7+ Kf8 39. Rxg6 d4
40. Rh8+ Kf7 41. Rxc8 Kxg6 42. cxd4 b5 43. Rb8 1-0

[Event "40th Olympiad Open"]
[Site "Istanbul TUR"]
[Date "2012.09.06"]
[Round "9.30"]
[Board "2"]
[White "Crosa Coll, Martin"]
[Black "AlHuwar, Jasem"]
[Result "1-0"]
[WhiteTitle "IM"]
[BlackTitle "FM"]
[WhiteElo "2344"]
[BlackElo "2285"]
[WhiteTeam "Uruguay"]
[BlackTeam "United Arab Emirates"]
[WhiteFideId "3000524"]
[BlackFideId "9300465"]
[EventDate "2012.08.28"]

1. e4 g6 2. d4 Bg7 3. Nf3 d6 4. Nc3 Nf6 5. Be3 c6 6. Qd2 b5 7. Bd3 Nbd7 8. Bh6
Bxh6 9. Qxh6 e5 10. O-O a6 11. a4 Bb7 12. axb5 axb5 13. Rad1 b4 14. Ne2 Qe7 15.
Ng3 Kd8 16. Qd2 c5 17. dxc5 dxc5 18. c3 Bc6 19. cxb4 cxb4 20. Rc1 Qd6 21. Qc2
Bb7 22. Rfd1 Rc8 23. Bc4 Qc5 24. Qd2 Qe7 25. Ng5 Rf8 26. Bb5 Rxc1 27. Qxc1 Bc8
28. Qc6 Ne8 29. Qb6+ Nc7 30. Bxd7 1-0

[Event "40th Olympiad Open"]
[Site "Istanbul TUR"]
[Date "2012.09.06"]
[Round "9.30"]
[Board "3"]
[White "Faisal, Abdulla"]
[Black "Roselli Mailhe, Bernardo"]
[Result "0-1"]
[WhiteTitle "CM"]
[BlackTitle "IM"]
[WhiteElo "2245"]
[BlackElo "2420"]
[WhiteTeam "United Arab Emirates"]
[BlackTeam "Uruguay"]
[WhiteFideId "9301232"]
[BlackFideId "3000028"]
[EventDate "2012.08.28"]

1. e4 e6 2. d4 d5 3. Nc3 Bb4 4. e5 b6 5. a3 Bxc3+ 6. bxc3 Ne7 7. Qg4 Ng6 8. h4
h5 9. Qd1 Qd7 10. Bg5 Qc6 11. Rh3 Ba6 12. Bxa6 Nxa6 13. Ne2 Qc4 14. Rd3 Kd7 15.
Ng3 Rh7 16. Nxh5 Rf8 17. g4 Kc8 18. Rg3 Nb8 19. Qd3 Qxd3 20. cxd3 Nd7 21. Rh3 f6
22. exf6 gxf6 23. Bd2 f5 24. f3 e5 25. O-O-O e4 26. dxe4 dxe4 27. gxf5 Rxf5 28.
Rg3 Ndf8 29. Bg5 Rxh5 30. fxe4 Rf2 31. Rd2 Rxd2 32. Kxd2 Nxh4 33. Bxh4 Rxh4 34.
Rg8 Rf4 35. Ke3 Rf7 36. e5 Kd7 37. d5 Ke7 38. c4 Rh7 39. e6 Rh3+ 40. Kd4 Nxe6+
41. dxe6 Kxe6 42. c5 Rxa3 43. Rg6+ Ke7 44. Rg7+ Kd8 45. Kd5 bxc5 46. Kxc5 Ra6
47. Kb5 Rb6+ 48. Ka5 Kc8 49. Rh7 Kb7 50. Rg7 Rh6 51. Rg5 a6 52. Rf5 Rh1 53. Rf6
Rh5+ 54. Ka4 c6 55. Rg6 Kb6 56. Rg4 a5 57. Rf4 Rh1 58. Rf5 Rh4+ 59. Ka3 Rd4 60.
Rh5 Rd5 61. Rh8 Rd3+ 62. Ka4 Rd4+ 63. Ka3 Kb5 64. Rb8+ Kc4 65. Ka4 Rd1 66. Rb4+
axb4 0-1

[Event "40th Olympiad Open"]
[Site "Istanbul TUR"]
[Date "2012.09.06"]
[Round "9.30"]
[Board "4"]
[White "Ulaneo, Nicolas"]
[Black "Khouri, Ibrahim Mohamed"]
[Result "1/2-1/2"]
[BlackTitle "FM"]
[WhiteElo "2181"]
[BlackElo "2228"]
[WhiteTeam "Uruguay"]
[BlackTeam "United Arab Emirates"]
[WhiteFideId "3001377"]
[BlackFideId "9301526"]
[EventDate "2012.08.28"]

1. d4 Nf6 2. c4 e6 3. Nc3 Bb4 4. e3 O-O 5. Ne2 d5 6. a3 Be7 7. cxd5 exd5 8. Nf4
c6 9. Bd3 a5 10. O-O Nbd7 11. f3 b5 12. Kh1 Nb6 13. Bc2 Bd6 14. e4 Bxf4 15. Bxf4
Nh5 16. Bc1 Qh4 17. Qe1 Qxe1 18. Rxe1 Re8 19. Bg5 Be6 20. Rad1 f6 21. Bc1 g6 22.
b3 b4 23. Ne2 dxe4 24. fxe4 a4 25. d5 cxd5 26. Nd4 Bg4 27. Nf3 Rac8 28. Bd3 dxe4
29. Rxe4 Rxe4 30. Bxe4 f5 31. Bb7 Rb8 32. Bc6 Rc8 33. Bb7 Rb8 34. Bc6 Rc8 35.
Bb7 Rb8 36. bxa4 1/2-1/2

[Event "40th Olympiad Open"]
[Site "Istanbul TUR"]
[Date "2012.09.06"]
[Round "9.31"]
[Board "1"]
[White "Vorobjov, Pavel"]
[Black "Hansen, Torbjorn Ringdal"]
[Result "1-0"]
[BlackTitle "IM"]
[WhiteElo "2156"]
[BlackElo "2469"]
[WhiteTeam "Estonia"]
[BlackTeam "Norway"]
[WhiteFideId "4500989"]
[BlackFideId "1501720"]
[EventDate "2012.08.28"]

1. Nf3 Nf6 2. g3 g6 3. b3 Bg7 4. Bb2 O-O 5. c4 d6 6. Bg2 e5 7. O-O Re8 8. d3 c6
9. Nbd2 Nbd7 10. Rc1 a5 11. a3 Qe7 12. Qc2 Nc5 13. Rfe1 h6 14. h3 e4 15. dxe4
Nfxe4 16. Bxg7 Kxg7 17. b4 axb4 18. axb4 Nxd2 19. Nxd2 Na6 20. b5 cxb5 21. cxb5
Nc5 22. Nc4 Ne6 23. Qc3+ f6 24. Red1 Rd8 25. Qb4 Ng5 26. Nb6 Rb8 27. Nxc8 Rbxc8
28. Rxc8 Rxc8 29. Qxd6 Qxe2 30. Qd7+ Nf7 31. Bf1 Qc2 32. Qxb7 Rc7 33. Qd5 Ne5
34. b6 Rf7 35. f4 Nc6 36. Bc4 Rf8 37. b7 Nb8 38. Re1 Qb2 39. Qc5 Nd7 40. Re7+
Kh8 41. Rxd7 Qc1+ 42. Kf2 Qc2+ 43. Kf3 1-0

[Event "40th Olympiad Open"]
[Site "Istanbul TUR"]
[Date "2012.09.06"]
[Round "9.31"]
[Board "4"]
[White "Moen, Andreas"]
[Black "Ladva, Ottomar"]
[Result "1-0"]
[WhiteTitle "FM"]
[WhiteElo "2348"]
[BlackElo "2153"]
[WhiteTeam "Norway"]
[BlackTeam "Estonia"]
[WhiteFideId "1501453"]
[BlackFideId "4500024"]
[EventDate "2012.08.28"]

1. e4 c5 2. Nf3 Nc6 3. d4 cxd4 4. Nxd4 Qb6 5. Nb5 a6 6. Be3 Qd8 7. Nd4 Nf6 8.
Nc3 e6 9. Qd2 Bb4 10. f3 d5 11. a3 Bxc3 12. Qxc3 Nxd4 13. Bxd4 dxe4 14. O-O-O
O-O 15. Bc5 Qc7 16. Bxf8 Qxc3 17. bxc3 Kxf8 18. fxe4 Nxe4 19. Rd8+ Ke7 20. Rh8
Nf6 21. Be2 h6 22. Rd1 Ne8 23. Bh5 Nd6 24. Rh7 Kf8 25. Rxd6 Kg8 26. Bxf7+ Kxh7
27. Rd8 b5 28. Bxe6 Bb7 29. Bf5+ g6 30. Rd7+ Kh8 31. Bxg6 Bxg2 32. Rh7+ Kg8 33.
Rxh6 Kg7 34. Rh4 Kxg6 35. Rg4+ Kf6 36. Rxg2 Rh8 37. Re2 Rh3 38. Kb2 Kf7 39. Kb3
Kf6 40. Re8 Rxh2 41. Ra8 Ke5 42. Rxa6 Kd5 43. Ra8 Kc6 44. Rc8+ Kb6 45. c4 bxc4+
46. Rxc4 Rh1 47. Rg4 Kb5 48. a4+ Kc5 49. Rg5+ Kb6 50. Kb4 Rb1+ 51. Kc4 Rh1 52.
c3 Rh4+ 53. Kb3 Rf4 54. Rd5 Kc6 55. Rd4 Rf1 56. Rh4 Kb6 57. Kb4 Rb1+ 58. Kc4 Rg1
59. Re4 Rh1 60. Re5 Rh4+ 61. Kb3 Rg4 62. a5+ Kc6 63. a6 Kb6 64. Re6+ Ka7 65. c4
Rg1 66. Kb4 Rg5 67. c5 Rg1 68. Kb5 Rb1+ 69. Kc6 Kxa6 70. Kd7+ Ka7 71. c6 Rd1+
72. Rd6 Rc1 73. Rd2 Rh1 74. c7 Rh7+ 75. Kc6 Rh6+ 76. Rd6 Rh8 77. Rd8 1-0

[Event "40th Olympiad Open"]
[Site "Istanbul TUR"]
[Date "2012.09.06"]
[Round "9.32"]
[Board "1"]
[White "Cori, Jorge"]
[Black "Bachmann, Axel"]
[Result "1-0"]
[WhiteTitle "GM"]
[BlackTitle "GM"]
[WhiteElo "2487"]
[BlackElo "2533"]
[WhiteTeam "Peru"]
[BlackTeam "Paraguay"]
[WhiteFideId "3802272"]
[BlackFideId "3700488"]
[EventDate "2012.08.28"]

1. d4 d5 2. c4 c6 3. Nc3 e6 4. e3 Bd6 5. Nf3 f5 6. Bd3 Nf6 7. O-O O-O 8. Ne5
Nbd7 9. f4 Ne4 10. Be2 Nxe5 11. Nxe4 fxe4 12. fxe5 Rxf1+ 13. Qxf1 Be7 14. Bd2
Bd7 15. Bg4 Qb6 16. b3 c5 17. cxd5 cxd4 18. dxe6 Kh8 19. Qf7 dxe3 20. exd7 exd2+
21. Kh1 Qd8 22. Rf1 e3 23. Qe6 Bf8 24. Qf7 g6 25. e6 Bd6 26. g3 Qg5 27. Qf6+
Qxf6 28. Rxf6 Kg8 29. Rf7 Bc7 30. Rxh7 Rf8 31. e7 Rf1+ 32. Kg2 Rf2+ 33. Kh3 1-0

[Event "40th Olympiad Open"]
[Site "Istanbul TUR"]
[Date "2012.09.06"]
[Round "9.32"]
[Board "3"]
[White "Leiva, Giuseppe"]
[Black "Latorre, Manuel"]
[Result "1-0"]
[WhiteTitle "FM"]
[BlackTitle "FM"]
[WhiteElo "2283"]
[BlackElo "2303"]
[WhiteTeam "Peru"]
[BlackTeam "Paraguay"]
[WhiteFideId "3804399"]
[BlackFideId "3700844"]
[EventDate "2012.08.28"]

1. d4 Nf6 2. Nf3 e6 3. e3 b6 4. Bd3 Bb7 5. O-O d5 6. c4 Bd6 7. Nc3 O-O 8. cxd5
exd5 9. b3 Nbd7 10. Bb2 a6 11. Rc1 Qe7 12. Ne2 Ne4 13. Bb1 f5 14. Nf4 Rac8 15.
Nd3 c6 16. Qe2 c5 17. Nfe5 Nxe5 18. Nxe5 Bxe5 19. dxe5 b5 20. f3 Ng5 21. f4 Ne4
22. Bxe4 dxe4 23. Rfd1 Rfd8 24. Ba3 Rxd1+ 25. Rxd1 Rd8 26. Rxd8+ Qxd8 27. Bxc5
Qd3 28. Qb2 Qd5 29. Bd4 Kf7 30. e6+ Kxe6 31. Bxg7 Kd7 32. Bd4 Qd6 33. h3 Bd5 34.
Qe2 Bf7 35. Kh2 Qc6 36. Qe1 Bd5 37. Qh4 Bg8 38. Bf6 Qd5 39. Qg5 Kc6 40. Bd4 Be6
41. Qe7 a5 42. Qxh7 a4 43. bxa4 bxa4 44. a3 Qd6 45. Qg6 Qe7 46. Kg3 Kd7 47. h4
Qxa3 48. h5 Qc1 49. Qg7+ Kc6 50. Qf6 Kb5 51. Kh2 Qc8 52. h6 Qg8 53. Qg7 Qxg7 54.
Bxg7 Bg8 55. Kg3 Kc6 56. Kh4 Kd7 57. Kg5 Ke6 58. Kg6 Bf7+ 59. Kh7 Bh5 60. Kg8
Bf7+ 61. Kf8 Bg6 62. Bd4 Kd5 1-0

[Event "40th Olympiad Open"]
[Site "Istanbul TUR"]
[Date "2012.09.06"]
[Round "9.32"]
[Board "4"]
[White "Jodorcovsky Werjivker, Paulo"]
[Black "Pacheco, Marco"]
[Result "0-1"]
[BlackTitle "FM"]
[WhiteElo "2174"]
[BlackElo "2383"]
[WhiteTeam "Paraguay"]
[BlackTeam "Peru"]
[WhiteFideId "3700305"]
[BlackFideId "3800989"]
[EventDate "2012.08.28"]

1. d4 Nf6 2. Nf3 e6 3. c4 Bb4+ 4. Nbd2 O-O 5. e3 b6 6. a3 Bxd2+ 7. Bxd2 Bb7 8.
Bd3 c5 9. dxc5 bxc5 10. Qc2 d6 11. Bc3 Nbd7 12. Rd1 Qe7 13. O-O h6 14. Rd2 a5
15. Rfd1 Ra6 16. Re2 Rb8 17. Nd2 Ne5 18. Bxe5 dxe5 19. Ne4 Bxe4 20. Bxe4 Rab6
21. Qb1 Qc7 22. Rdd2 g5 23. g3 Kg7 24. Bg2 Rb3 25. Rd3 R3b6 26. Rdd2 h5 27. h3
g4 28. h4 a4 29. Rd1 Rb3 30. e4 Rd8 31. Red2 Rd4 32. Qc1 Nh7 33. Rxd4 exd4 34.
Rd2 Qe5 35. Qc2 Nf6 36. Rd3 Rxd3 37. Qxd3 Nd7 38. b3 axb3 39. Qxb3 Qd6 40. Bf1
Ne5 41. Bd3 Qa6 42. Be2 Qa5 43. Qb8 Qe1+ 44. Kg2 Nd7 45. Qf4 Kf8 46. Bf1 Ke7 47.
a4 f6 48. a5 Qxa5 49. Qh6 Qe1 50. Bd3 Qd1 51. Qh7+ Kd6 52. e5+ Nxe5 53. Qh8 Qxd3
54. Qf8+ Kd7 55. Qxc5 Qxc4 56. Qa7+ Ke8 57. Qa8+ Ke7 58. Qa3+ Kf7 59. Qa7+ Kg6
60. Qe7 Qd5+ 0-1